Divinità greche - Statistics

Statistiche generali
  • Questo quiz è stato fatto 805 volte
  • Il punteggio medio è 17 su 25
Statistiche sulle risposte
Proprietà della divinità Divinità % Corretto
Re degli dèi, dio del cielo, del fulmine e della giustizia Zeus
100%
Dea dell'amore, della bellezza e del piacere carnale Afrodite
94%
Dio della guerra e della violenza Ares
94%
Regina degli dèi, dea del matrimonio e protettrice dei sovrani Era
94%
Dio della morte, del rancore e del rimorso Ade
92%
Dio del sole, della musica e delle arti Apollo
91%
Dio del mare, dei fiumi e dei terremoti Poseidone
91%
Dea della strategia militare, dei lavori manuali e dell'intelligenza Atena
90%
Dio del vino, delle feste e della follia Dioniso
88%
Dea della caccia, delle foreste e della verginità Artemide
85%
Dio dei viaggi, delle strade, dei commerci e messaggero degli dèi Ermes
83%
Dio del fuoco e della metallurgia Efesto
77%
Dio del tempo Crono
75%
Dio dei venti Eolo
71%
Regina degli inferi, dea delle sorgenti Persefone
68%
Personificazione della Terra e madre dei titani Gea
66%
Dea dell'agricoltura, dei cereali e della flora Demetra
58%
Dea della luna Selene
49%
Dea dell'aurora Eos
48%
Dea del focolare e protettrice della casa Estia
44%
Dea dell'arcobaleno e dei messaggi divini Iride
39%
Dio dei malati Asclepio
32%
Dio della pastorizia Pan
31%
Dio della ricchezza e dell'abbondanza Pluto
23%
Dio della fertilità e del vigore maschile Priapo
23%
Nessun quiz corrispondente trovato
Distribuzione punteggi
Percentuale di utenti per punteggio
Percentile per numero di risposta
I tuoi punteggi nel tempo
Non hai fatto questo quiz